Statistics for Countries that has Arabic as their official language

Click here to take the quiz!

General Stats

  • This quiz has been taken 92 times
  • The average score is 22 of 24

Answer Stats

Answer% Correct
Saudi Arabia
98%
Egypt
96%
Iraq
96%
Oman
96%
Qatar
96%
Algeria
95%
Bahrain
95%
Yemen
95%
Jordan
94%
Lebanon
93%
Syria
93%
Morocco
92%
Sudan
92%
Kuwait
90%
Tunisia
90%
United Arab Emirates
90%
Libya
88%
Djibouti
85%
Mauritania
85%
Somalia
85%
Eritrea
83%
Israel
83%
Chad
80%
Comoros
61%

Score Distribution

Percentile by Number Answered

Percent of People with Each Score

Your Score History

You have not taken this quiz